Quizzes
Events
Quiz Creation
Community
Videos
Private Events
Remove Ads
Sign In
Join for FREE
Feedback
Dark Mode
Quiz Categories
Sports
Geography
Music
Movies
Television
Just For Fun
Miscellaneous
History
Literature
Language
Science
Gaming
Entertainment
Religion
Holiday
For Kids
Quiz Lab
Recent
Popular Today
Quiz Kudos Today
Editor Picks
Curator Picks
Quizzes by...
Day
Popularity
Type
Ratings
Length
Year
Community
Subscriptions
Recent Discussions
Orange Saloon
Badges
Playlists
Quests
Create
Leaderboards
Showdown
Live 5
Trivia Bingo
Activity
Puzzle Library
Sporcle Events
Private Events
Virtual Trivia
Globe League
Become a Host
Pub Owners
SporcleCon
Opinionation
Our Games
Videos
Blog
Mobile Apps
Partnerships
Remove Ads and Go Orange
Feedback
Sports
Athletes
MLB
NBA
NHL
NFL
Soccer
Sports Teams
WWE
NCAA
Football
Premier League
Basketball
Baseball
Hockey
Golf
Tennis
Cricket
Rugby
Auto Racing
Olympics
World Cup
Sports
Athletes
MLB
NBA
NHL
NFL
Soccer
Sports Teams
WWE
NCAA
Football
Premier League
Basketball
Baseball
Hockey
Golf
Tennis
Cricket
Rugby
Auto Racing
Olympics
World Cup
Random Quiz
Search Sporcle
×
Quiz Lab
Quiz Lab
Sports
2016
Type in answers that appear in a list
Type in answers that appear in a list
Classic
Best Score? Go Orange.
Big 4 Sports Stadiums & Arenas 2016/17 Stats
Can you name the Big 4 Sports Stadiums 2016/17?
By
bpm6v69
20m
123 Questions
68 Plays
68 Plays
68 Plays
Comments
Comments
Give Quiz Kudos
Give Quiz Kudos
-
- Ratings
hide this ad
Replay
Link that replays current quiz
Next Quiz
Link to next quiz in quiz playlist
You Got
0%
They Got
Avg Score
53%
Avg Friend Score
Upgrade to see
Score Distribution
Jump to the score distribution portion of the page
Score
0/123
Timer
20:00
0
Plays Today
Hint
Answer
% Correct
Chicago Cubs
Wrigley Field
94.1%
Boston Red Sox
Fenway Park
91.2%
New York Yankees
Yankee Stadium
89.7%
Los Angeles Dodgers
Dodger Stadium
83.8%
Los Angeles Clippers
Staples Center
80.9%
Los Angeles Lakers
Staples Center
80.9%
New York Knicks
Madison Square Garden
80.9%
Los Angeles Kings
Staples Center
80.9%
New York Rangers
Madison Square Garden
80.9%
Houston Astros
Minute Maid Park
76.5%
Milwaukee Brewers
Miller Park
76.5%
New York Mets
Citi Field
76.5%
Arizona Diamondbacks
Chase Field
75%
Cincinnati Reds
Great American Ball Park
75%
Colorado Rockies
Coors Field
75%
Minnesota Twins
Target Field
75%
Green Bay Packers
Lambeau Field
75%
Chicago Bears
Soldier Field
73.5%
Brooklyn Nets
Barclays Center
72.1%
New York Islanders
Barclays Center
72.1%
Detroit Tigers
Comerica Park
70.6%
Miami Marlins
Marlins Park
70.6%
San Diego Padres
PETCO Park
70.6%
Cleveland Indians
Progressive Field
69.1%
San Francisco Giants
AT&T Park
69.1%
Seattle Mariners
Safeco Field
69.1%
St. Louis Cardinals
Busch Stadium
69.1%
Detroit Lions
Ford Field
69.1%
Pittsburgh Steelers
Heinz Field
69.1%
Kansas City Royals
Kauffman Stadium
67.6%
Pittsburgh Pirates
PNC Park
67.6%
Tampa Bay Rays
Tropicana Field
67.6%
Toronto Blue Jays
Rogers Centre
67.6%
Washington Nationals
Nationals Park
67.6%
Miami Heat
American Airlines Arena
67.6%
New England Patriots
Gillette Stadium
67.6%
New York Giants
MetLife Stadium
66.2%
New York Jets
MetLife Stadium
66.2%
Boston Celtics
TD GArden
64.7%
Washington Wizards
Verizon Center
64.7%
Washington Capitals
Verizon Center
64.7%
Hint
Answer
% Correct
Boston Bruins
TD Garden
64.7%
Chicago Bulls
United Center
63.2%
Chicago Blackhawks
United Center
63.2%
New Orleans Saints
Mercedes-Benz Superdome
63.2%
Indianapolis Colts
Lucas Oil Stadium
61.8%
San Francisco 49ers
Levi's Stadium
61.8%
Toronto Raptors
Air Canada Centre
60.3%
Toronto Maple Leafs
Air Canada Centre
60.3%
Denver Nuggets
Pepsi Center
58.8%
Colorado Avalanche
Pepsi Center
58.8%
Dallas Cowboys
AT&T Stadium
58.8%
Washington Red Skins
FedEx Field
58.8%
Baltimore Orioles
Oriole Park at Camden Yards
57.4%
Philadelphia Phillies
Citizens Bank Park
57.4%
Dallas Mavericks
American Airlines Center
57.4%
Golden State Warriors
Oracle Arena
57.4%
Minnesota Timberwolves
Target Center
57.4%
Dallas Stars
American Airlines Center
57.4%
Philadelphia Eagles
Lincoln Financial Field
57.4%
Kansas City Chiefs
Arrowhead Stadium
55.9%
Detroit Red Wings
Joe Louis Arena
54.4%
Atlanta Falcons
Georgia Dome
54.4%
Cincinnati Bengals
Paul Brown Stadium
54.4%
Chicago White Sox
Guaranteed Rate Field
52.9%
Houston Rockets
Toyota Center
52.9%
Philadelphia 76ers
Wells Fargo Center
52.9%
Arizona Cardinals
University of Phoenix Stadium
52.9%
Atlanta Braves
Sun Trust Park
51.5%
Cleveland Cavaliers
Quicken Loans Arena
51.5%
New Jersey Devils
Prudential Center
51.5%
Philadelphia Flyers
Wells Fargo Center
50%
Oakland Athletics
O.co Coliseum
48.5%
San Antonio Spurs
AT&T Center
48.5%
Baltimore Ravens
M&T Bank Stadium
48.5%
Carolina Panthers
Bank of America Stadium
48.5%
Miami Dolphins
Hard Rock Stadium
48.5%
Oakland Raiders
O.co Coliseum
48.5%
New Orleans Pelicans
Smoothie King Center
47.1%
Indianapolis Pacers
Bankers Life Fieldhouse
45.6%
Orlando Magic
Amway Center
45.6%
Memphis Grizzlies
FedExForum
44.1%
Hint
Answer
% Correct
Vegas Golden Knights
T-Mobile Arena
44.1%
Denver Broncos
Sports Authority Field at Mile High
44.1%
Atlanta Hawks
Philips Arena
42.6%
Anaheim Ducks
Honda Center
42.6%
Montreal Canadiens
Bell Centre
42.6%
Minnesota Vikings
U. S. Bank Stadium
42.6%
Los Angeles Angels
Angel Stadium of Anaheim
41.2%
Nashville Predators
Bridgestone Arena
41.2%
San Diego Charges
Qualcomm Stadium
41.2%
Detroit Pistons
The Palace of Auburn Hills
39.7%
Vancouvrer Canucks
Rogers Arena
39.7%
Buffalo Bills
New Era Field
39.7%
Jacksonville Jaguars
EverBank Field
39.7%
Seattle Seahawks
CenturyLink Field
39.7%
Oklahoma City Thunder
Chesapeake Energy Arena
38.2%
Portland Trail Blazers
Moda Center
36.8%
Pittsburgh Penguins
PPG Paints Arena
36.8%
Tampa Bay Buccaneers
Raymond James Stadium
36.8%
Minnesota Wild
Xcel Energy Center
33.8%
Cleveland Browns
FirstEnergy Stadium
33.8%
Tennessee Titans
Nissan Stadium
33.8%
Los Angeles Rams
Los Angeles Memorial Coliseum
32.4%
Milwaukee Bucks
BMO Harris Bradley Center
30.9%
Phoenix Suns
Talking Stick Resort Arena
30.9%
Columbus Blue Jackets
Nationwide Arena
30.9%
Texas Rangers
Globe Life Park in Arlington
29.4%
San Jose Sharks
SAP Center
29.4%
Houston Texans
Reliant Stadium
29.4%
Carolina Hurricanes
PNC Arena
27.9%
St. Louis Blues
Scottrade Center
27.9%
Charlotte Hornets
Time Warner Cable Arena
26.5%
Tampa Bay Lightning
Amalie Arena
26.5%
Sacramento Kings
Sleep Train Arena
25%
Winnipeg Jets
MTS Centre
25%
Calgary Glames
Scotiabank Saddledome
25%
Ottawa Senators
Canadian Tire Centre
25%
Edmonton Oilers
Rogers Place
23.5%
Florida Panthers
BB&T Center
23.5%
Arizona Coyotes
Gila River Arena
22.1%
Utah Jazz
Vivint Smart Home Arena
16.2%
Buffalo Sabres
KeyBank Center
13.2%
Quiz Playlist
Details
Report
Send in Message
Add To Playlist
Classic:
Type in answers that appear in a list
Last Updated: Feb 16, 2017
Quiz Scoreboard
CHALLENGE
Sign Up to Join the Scoreboard
Show All
Scores
Hide
Comments
May contain spoilers
Recently Published
College Basketball Coaching Resumes
by pancakes188
Sports
9m
Billboard Blitz: Fleetwood Mac
by CooCooCachoo
Music
15s
Presidents Visiting Landmarks
by Hejman
History
7m
More to Explore
Quiz From the Vault
Featured Blog Post
Where Did the Easter Bunny Come From?
hide this ad
You Might Also Like...
Tags
2016
arena
Big 4
Today's Top Quizzes in Sports
Browse Sports
hide this ad
Today's Top Quizzes in 2016
Browse 2016
Top Contributed Quizzes in Sports
1
Les meilleurs buteurs des matchs entre le PSG et l’OM
2
2022 World Cup Stars
3
FIFA Club World Cup Champions
4
Les entraîneurs de l'OM et du PSG au 21e siècle
5
Criteria MLB: Left Handed Sluggers
6
AFC Teams Reveal (Wrong Answers Minefield)
7
5-to-1: UK Sports Teams
8
Name the Premier League winners with different clubs
9
5-to-1: FBS Animal Nicknames
10
Players with Multiple 50 Home Run Seasons
Explore More
Trending Topics
Harry Potter
Disney
Kpop
Marvel
NBA
Anime
Crossword
Puzzle
Soccer
Pokémon
Song
The Office
NFL
Country
WWE
hide this ad
More By:
bpm6v69
Quiz
Plays
Rating
Category
Featured
Created
Stanley Cup winners all time
202
5.00
Sports
Sep 20, 2011
Big 4 Sports Stadiums & Arenas 2016/17
68
Sports
Dec 29, 2016
Go to Creator's Profile
Score Distribution
Quiz Creator Spotlight
bpm6v69
Follow
Send a Message
Quizzes Created
-
Created Quiz Play Count
-
More By This Creator
Popular Quizzes Today
1
Find the US States - No Outlines Minefield
2
Find the Countries of Europe - No Outlines Minefield
3
The Countries of the World
4
Find the US States
5
Risky Map Clicking: Biggest States A-Z
6
US States
7
Popular People in 1961
8
Movies - When Are They Set?
More Sports Quizzes
30-second 1994 Royal Rumble picture click
Quiz Lab
Trending Quizzes
Risky Map Clicking: Least Populous States A-Z
1-10 Letter G Words
1-10 Letter F Words
Risky Map Clicking: Next State Alphabetically
Click the Washington State Counties! (Map)
Recently Updated
Leaping Animals
pecheneg
Reality TV Shows (A-Z)
bhenderson79
Rickey Henderson's Hall of Fame Teammates
pecheneg
Champions League XIs: Arsenal
pecheneg
Quick Pick: Celebrities in WWE's Hall of Fame
aduchscher
A-Z Keypad Blitz II
pecheneg
Multiple Oscar Actors
pecheneg
Mystery Phrase Blitz: Oscar 'Best Actors'
pecheneg
F. Scott Fitzgerald Novels
LTH
Pick 3 Villains
ddd62291
Trending Topics
NBA
Crossword
Disney
Anime
Marvel
Harry Potter
Kpop
WWE
Pokémon
Country
The Office
Song
Puzzle
NFL
Soccer
Your Account Isn't Verified!
In order to create a playlist on Sporcle, you need to verify the email address you used during registration. Go to your
Sporcle Settings
to finish the process.
Report this User
Report this user for behavior that violates our
Community Guidelines
.
Details:
Send Report
Go to the Sporcle.com Mobile Site →
Comments